000 00217 a2200097 4500
001 5870
100 _aJennings
245 _aMathematical solution of engineering problems
260 _a
_bSpon
_c
090 _c4794
_d4794
942 _aNUST-CAE
_cM
_c31149
999 _c240943
_d240943